[Event "Petrovskaya Ladya op"]
[Site "Peterhof"]
[Date "2008.01.03"]
[Round "1"]
[White "Shishkin, Vadim"]
[Black "Safonov, Nikolaj"]
[Result "0-1"]
[WhiteElo "2493"]
[BlackElo "2098"]
[PlyCount "126"]
[EventDate "2008.01.03"]
[EventType "swiss"]
[EventRounds "9"]
[EventCountry "RUS"]
[SourceTitle "CBM 122 Extra"]
[Source "ChessBase"]
[SourceDate "2008.03.04"]
[SourceVersion "1"]
[SourceVersionDate "2008.03.04"]
[SourceQuality "1"]

1. e4 e6 2. d4 d5 3. exd5 exd5 4. Bd3 Bd6 5. Ne2 Ne7 6. Nd2 0-0 7. 0-0 Bg4 8. h3 Bh5 9. f4 f5 10. Nf3 Bxf3 11. Rxf3 Nd7 12. g4 Nf6 13. gxf5 Ne4 14. Ng3 Nxg3 15. Rxg3 Nxf5 16. Rg5 Qd7 17. Qg4 g6 18. Bxf5 Rxf5 19. Rxf5 Qxf5 20. Qxf5 gxf5 21. Be3 Kf7 22. Kf2 Be7 23. Rg1 Rd8 24. c3 Rd6 25. Kf3 Rh6 26. Rh1 Ra6 27. Ra1 Rb6 28. Rb1 a5 29. Bf2 Rc6 30. Re1 Bf6 31. Re2 a4 32. Rc2 a3 33. bxa3 Rc4 34. Be1 Bxd4 35. Rb2 Bxc3 36. Re2 Bf6 37. Bf2 Rc3+ 38. Re3 Rc2 39. Rd3 c6 40. Rb3 b5 41. a4 bxa4 42. Ra3 Rc4 43. Rd3 Ke6 44. Re3+ Re4 45. Rd3 Be7 46. Rd2 Bd6 47. Bg3 c5 48. Rb2 Rb4 49. Re2+ Kd7 50. Rd2 Kc6 51. Re2 Re4 52. Rb2 c4 53. Bf2 Rxf4+ 54. Ke2 d4 55. Rd2 Kd5 56. Rb2 d3+ 57. Ke1 Bc5 58. Bg3 Rf3 59. Bh4 Rxh3 60. Bf6 Rh1+ 61. Kd2 Rh2+ 62. Kc3 Rxb2 63. Kxb2 Bd4+ 0-1